Cada día: la creación de un arte social
Salvato in:
| Autore principale: | |
|---|---|
| Natura: | Libro |
| Lingua: | spagnolo |
| Pubblicazione: |
Santiago
Cuarto Propio
2012
|
| Edizione: | 2a. ed |
| Serie: | Cuaderno de Análisis y Debate Culturales
|
| Soggetti: | |
| Tags: |
Aggiungi Tag
Nessun Tag, puoi essere il primo ad aggiungerne!!
|
MARC
| LEADER | 00000cam a2200000 a 4500 | ||
|---|---|---|---|
| 001 | UCC1397 | ||
| 003 | CL-VaPUC | ||
| 008 | 171025e20120000cl |||||||||||||||||spa|d | ||
| 020 | |a 9789562605908 | ||
| 082 | 0 | 4 | |a 904.83 |b NEU |2 21 |
| 100 | |a Neustadt, Robert |e autor |9 595476 | ||
| 245 | 1 | 0 | |a Cada día: la creación de un arte social |
| 250 | |a 2a. ed | ||
| 300 | |a 300 p | ||
| 942 | |c BK | ||
| 945 | |d 20171025 21:08:00 |a dcastane | ||
| 260 | |a Santiago |b Cuarto Propio |c 2012 | ||
| 650 | 0 | |a Artistas chilenos |9 344566 | |
| 650 | 0 | |a Bellas artes |9 334299 | |
| 650 | 0 | |a Cambio social |9 256857 | |
| 583 | |a last modification |c 20171025 21:08:00 |k Rodrigo Vera | ||
| 490 | 0 | |a Cuaderno de Análisis y Debate Culturales | |
| 999 | |c 369916 |d 369914 | ||
| 952 | |0 0 |1 0 |3 erb |4 0 |6 904_830000000000000_NEU_2012 |7 0 |8 R |9 486082 |a BIBART |b BIBART |i 5431875 |o 904.83 NEU 2012 |p 5431875 |r 2025-03-13 |w 2019-11-24 |y BK_R |z Catalogado en:20171025 |k ART | ||